[Event "II Festival A"]
[Site "Bisaccia ITA"]
[Date "2010.05.30"]
[Round "3"]
[White "Minikh, Edouard"]
[Black "Varvaglione, Antonio"]
[Result "1/2-1/2"]
[WhiteElo "2041"]
[BlackElo "1905"]
[PlyCount "101"]
[EventDate "2010.05.29"]

1. d4 Nf6 2. c4 g6 3. Nc3 Bg7 4. g3 O-O 5. Bg2 d6 6. Nf3 Nc6 7. O-O a6 8. e4 e5
9. d5 Ne7 10. Ne1 Nd7 11. Nd3 f5 12. f4 exf4 13. Bxf4 Nf6 14. e5 Nh5 15. e6
Nxf4 16. Nxf4 Rb8 17. Qc2 c6 18. Rad1 c5 19. a3 b5 20. cxb5 axb5 21. b4 cxb4
22. axb4 Qc7 23. Nfe2 Bb7 24. Qd3 Qc4 25. Qxc4 bxc4 26. Ra1 Ra8 27. Kf2 Rxa1
28. Rxa1 Ra8 29. Rxa8+ Bxa8 30. Ke3 Kf8 31. b5 Ke8 32. Nd4 g5 33. b6 Bb7 34.
Ndb5 Nc8 35. Na4 Kd8 36. Na7 Ne7 37. Nc6+ Ke8 38. Na5 Nxd5+ 39. Bxd5 Bxd5 40.
Nxc4 Ke7 41. Na5 Kxe6 42. b7 Bxb7 43. Nxb7 f4+ 44. gxf4 gxf4+ 45. Kf3 Kd7 46.
h3 Kc6 47. Nxd6 Kxd6 48. Kxf4 Kc6 49. Kg3 Kb5 50. Nc3+ Bxc3 51. Kf4 1/2-1/2

[Event "II Festival A"]
[Site "Bisaccia ITA"]
[Date "2010.05.30"]
[Round "3"]
[White "Paduano, Gennaro"]
[Black "Gentile, Leonardo"]
[Result "1-0"]
[WhiteElo "1946"]
[BlackElo "1816"]
[PlyCount "55"]
[EventDate "2010.05.29"]

1. e4 e5 2. Nf3 Nc6 3. Bb5 d6 4. c3 Bd7 5. O-O Nf6 6. Re1 Be7 7. h3 a6 8. Ba4
O-O 9. d4 b5 10. Bc2 Qc8 11. Nbd2 Rd8 12. Nf1 b4 13. Ng3 a5 14. Bb3 Qb7 15.
Bxf7+ Kxf7 16. Qb3+ d5 17. exd5 a4 18. dxc6+ axb3 19. cxb7 Rxa2 20. Nxe5+ Kf8
21. Bg5 Ke8 22. c4 Rb8 23. c5 c6 24. Nc4 Rxb7 25. Nd6+ Kf8 26. Nxb7 Rxb2 27.
Rab1 Rd2 28. Bxd2 1-0

[Event "II Festival A"]
[Site "Bisaccia ITA"]
[Date "2010.05.30"]
[Round "3"]
[White "Passerotti, Pierluigi"]
[Black "Tratar, Marko"]
[Result "0-1"]
[WhiteElo "2258"]
[BlackElo "2507"]
[PlyCount "50"]
[EventDate "2010.05.29"]

1. c4 e5 2. Nc3 d6 3. g3 f5 4. d4 Be7 5. b3 c6 6. Bb2 Qa5 7. e3 Nf6 8. Qd2 O-O
9. Nge2 Be6 10. Bg2 Nbd7 11. O-O Rac8 12. Rfd1 Qa6 13. e4 fxe4 14. Nxe4 Nxe4
15. Bxe4 d5 16. cxd5 cxd5 17. Bd3 Qb6 18. Rac1 e4 19. Rxc8 Rxc8 20. Bb1 Bg4 21.
Rc1 Rf8 22. Nc3 Qe6 23. Nd1 Bf3 24. Ne3 Nf6 25. Bc3 Qh3 0-1

[Event "II Festival A"]
[Site "Bisaccia ITA"]
[Date "2010.05.30"]
[Round "3"]
[White "Piscopo, Pierluigi"]
[Black "Lazic, Miroljub"]
[Result "1/2-1/2"]
[WhiteElo "2426"]
[BlackElo "2494"]
[PlyCount "31"]
[EventDate "2010.05.29"]

1. e4 d6 2. Nc3 e5 3. Bc4 Nf6 4. d3 c6 5. Nf3 Be7 6. a4 O-O 7. Ba2 Na6 8. Ne2
Nc5 9. c3 Bg4 10. Ng3 d5 11. exd5 cxd5 12. O-O Nh5 13. d4 exd4 14. Qxd4 Bxf3
15. gxf3 Nf6 16. Nf5 1/2-1/2

[Event "II Festival A"]
[Site "Bisaccia ITA"]
[Date "2010.05.30"]
[Round "3"]
[White "Quimi, Marco"]
[Black "Bove, Raffaele"]
[Result "1-0"]
[WhiteElo "2163"]
[BlackElo "1910"]
[PlyCount "128"]
[EventDate "2010.05.29"]

1. e4 c5 2. Bc4 e6 3. Qe2 Nc6 4. Nf3 a6 5. a4 g6 6. O-O Bg7 7. c3 Nge7 8. Ba2
O-O 9. d3 Qc7 10. Nbd2 b5 11. Re1 d6 12. Nf1 b4 13. Bd2 Rb8 14. Ne3 b3 15. Bb1
d5 16. Ng4 d4 17. e5 Nf5 18. Bg5 h6 19. Bd2 Qd8 20. h3 Bb7 21. Ngh2 Ba8 22. Ra3
Qc7 23. g4 Nfe7 24. c4 g5 25. h4 gxh4 26. g5 Nf5 27. Bf4 Nce7 28. Ng4 h5 29.
Nf6+ Bxf6 30. gxf6 Ng6 31. Bh2 Qc6 32. Qe4 Qxe4 33. dxe4 Nh6 34. Bd3 Ng4 35.
Kg2 Nxh2 36. Kxh2 Nf4 37. Rd1 h3 38. Ng5 Rb4 39. Bf1 Bc6 40. a5 Rfb8 41. Kg3
Ng6 42. f4 Nf8 43. Kxh3 Nh7 44. Nxh7 Kxh7 45. Bd3 Rg8 46. Raa1 Rg4 47. Rf1 Kh6
48. Be2 Rg6 49. Bd3 Rg4 50. Rf2 Rb8 51. Be2 Rg6 52. f5 exf5 53. exf5 Rg5 54. e6
Rf8 55. Raf1 Kh7 56. Kh4 Kh6 57. Bf3 Bxf3 58. Rxf3 Rg2 59. R1f2 Rg1 60. Rf1 Rg2
61. R3f2 Rg4+ 62. Kh3 Re4 63. e7 Rg8 64. Rf3 Rgg4 1-0

[Event "II Festival A"]
[Site "Bisaccia ITA"]
[Date "2010.05.30"]
[Round "3"]
[White "Rotelli, Pietro"]
[Black "Boni, Gianni"]
[Result "1-0"]
[WhiteElo "1993"]
[BlackElo "1856"]
[PlyCount "107"]
[EventDate "2010.05.29"]

1. d4 b6 2. c4 Bb7 3. Nc3 Nf6 4. Nf3 e6 5. e3 Be7 6. Bd3 d5 7. cxd5 exd5 8. O-O
O-O 9. Ne5 Nbd7 10. f4 Ne4 11. Nxe4 dxe4 12. Bc4 Nf6 13. Bd2 a6 14. Qb3 Bd5 15.
Rac1 Rc8 16. a3 Bxc4 17. Qxc4 b5 18. Qc6 Qd6 19. Ba5 Nd5 20. Rfe1 Rfd8 21. Qxd6
Rxd6 22. Nc6 Rd7 23. Kf2 Bd6 24. Rc2 f6 25. Rec1 Kf7 26. Nb4 Nxb4 27. Bxb4 Rcd8
28. Rc6 Ra8 29. Ba5 Ra7 30. g3 Kg6 31. g4 Kf7 32. h4 h6 33. h5 g5 34. hxg6+
Kxg6 35. Rh1 Bf8 36. Rh5 Kf7 37. Bb4 Bxb4 38. axb4 Kg6 39. Rhc5 Kf7 40. Kg3 Ke7
41. Rh5 Rd6 42. Rcc5 Kd7 43. Rxh6 Kc8 44. f5 Kb7 45. Kf4 Kb6 46. Kxe4 a5 47.
bxa5+ Rxa5 48. Rh8 c6 49. Re8 Ra7 50. Re6 Rad7 51. b4 Kb7 52. Rxd6 Rxd6 53. d5
cxd5+ 54. Rxd5 1-0

[Event "II Festival A"]
[Site "Bisaccia ITA"]
[Date "2010.05.30"]
[Round "3"]
[White "Salvador, Roland"]
[Black "Gromovs, Sergejs"]
[Result "1-0"]
[WhiteElo "2485"]
[BlackElo "2319"]
[PlyCount "105"]
[EventDate "2010.05.29"]

1. d4 d5 2. Nf3 e6 3. c4 c5 4. cxd5 exd5 5. g3 c4 6. Bg2 Bb4+ 7. Nc3 Ne7 8. O-O
O-O 9. a3 Ba5 10. e4 dxe4 11. Ne5 Bb6 12. d5 f5 13. Bg5 Bc5 14. Nxc4 h6 15. b4
Bxb4 16. axb4 hxg5 17. Qh5 g4 18. d6 Nec6 19. b5 Be6 20. bxc6 Nxc6 21. Ne3 Qxd6
22. h3 gxh3 23. Bxh3 Nd4 24. Bg2 Bb3 25. Rfb1 Qe6 26. Ne2 Nxe2+ 27. Qxe2 a5 28.
Qb5 a4 29. Bf1 Rac8 30. Be2 Rf7 31. Kg2 f4 32. Bg4 f3+ 33. Kg1 Qc6 34. Qg5 Re8
35. Bh5 Qf6 36. Qxf6 gxf6 37. Bxf7+ Kxf7 38. Rxb3 axb3 39. Rb1 Re5 40. Rxb3 b5
41. g4 Ke6 42. Nf5 Rd5 43. Kh2 Rc5 44. Kg3 Kd5 45. Rb4 Ke5 46. Ne3 Kd6 47. Rxe4
Kc7 48. Kxf3 Kb6 49. Rf4 Ka5 50. Rxf6 b4 51. Rf5 Kb5 52. Rxc5+ Kxc5 53. Nd1 1-0

[Event "II Festival A"]
[Site "Bisaccia ITA"]
[Date "2010.05.30"]
[Round "3"]
[White "Sellitti, Luca"]
[Black "Scipioni, Gaetano"]
[Result "1-0"]
[WhiteElo "1915"]
[BlackElo "2048"]
[PlyCount "103"]
[EventDate "2010.05.29"]

1. d4 d6 2. e3 Nf6 3. Bd3 e5 4. c4 Nbd7 5. Nc3 Be7 6. f4 c6 7. Nf3 Qc7 8. O-O
O-O 9. b3 Re8 10. Bb2 Bf8 11. Qc2 h6 12. Bf5 g6 13. Bxg6 fxg6 14. Qxg6+ Bg7 15.
dxe5 dxe5 16. fxe5 Nf8 17. Qg3 Ng4 18. Ne4 Be6 19. h3 Nxe3 20. Nf6+ Kh8 21.
Nxe8 Rxe8 22. Rf2 Nf5 23. Qf4 Ng6 24. Qe4 c5 25. Re1 Nge7 26. Nh4 Nxh4 27. Qxh4
Nc6 28. Bc1 Qe7 29. Qh5 Kh7 30. Ref1 Nxe5 31. Bxh6 Bxh6 32. Qxe5 Bg8 33. Qf5+
Kh8 34. Qh5 Qe3 35. Kh1 Re5 36. Qg6 Qg5 37. Qd6 Re6 38. Qd7 Rg6 39. Qxb7 Be6
40. Qa8+ Kh7 41. Qxa7+ Bg7 42. Qc7 Kh6 43. Qf4 Bd4 44. Re2 Bd7 45. a4 Bc6 46.
a5 Kh5 47. Qxg5+ Rxg5 48. a6 Rg3 49. Rf5+ Kg6 50. Kh2 Rxb3 51. Rf8 Kg7 52. Rc8
1-0

[Event "II Festival A"]
[Site "Bisaccia ITA"]
[Date "2010.05.30"]
[Round "3"]
[White "Vespe, Francesco"]
[Black "Colucci, Stefano"]
[Result "1-0"]
[WhiteElo "1979"]
[BlackElo "1994"]
[PlyCount "125"]
[EventDate "2010.05.29"]

1. d4 Nf6 2. c4 e6 3. Nf3 d5 4. Bg5 c6 5. Nc3 Nbd7 6. e3 Qa5 7. Nd2 Bb4 8. Qc2
O-O 9. Be2 dxc4 10. Bxf6 Nxf6 11. Nxc4 Qc7 12. O-O Re8 13. a3 Bf8 14. b4 Bd7
15. Ne4 Nxe4 16. Qxe4 e5 17. Nxe5 f6 18. Bc4+ Be6 19. Bxe6+ Rxe6 20. Qg4 Rae8
21. Nd3 Bd6 22. g3 Qf7 23. Nc5 R6e7 24. Rac1 f5 25. Qf3 Qg6 26. Nb3 Re4 27. Nc5
Bxc5 28. dxc5 Qf7 29. Rc3 Rd8 30. Rd1 Rd5 31. Rcd3 Rxd3 32. Rxd3 g6 33. Qd1 Kg7
34. Rd7 Re7 35. Qd4+ Kg8 36. Rd8+ Re8 37. Rd7 Re7 38. Rd8+ Re8 39. Rd6 Re4 40.
Qd3 Kg7 41. f3 Re7 42. a4 a6 43. Qd4+ Kg8 44. Rf6 Qe8 45. Kf2 Qc8 46. Rd6 Qf8
47. h4 Qf7 48. Rf6 Qe8 49. h5 Rd7 50. Rd6 Rxd6 51. cxd6 Qd7 52. hxg6 hxg6 53.
Qf6 b5 54. a5 g5 55. Qxg5+ Kf7 56. Qh6 Qe6 57. Qxe6+ Kxe6 58. g4 fxg4 59. fxg4
Kxd6 60. g5 Ke5 61. e4 Ke6 62. Ke3 Ke5 63. Kd3 1-0

[Event "II Festival A"]
[Site "Bisaccia ITA"]
[Date "2010.05.30"]
[Round "3"]
[White "Vuelban, Virgilio"]
[Black "Caprio, Guido"]
[Result "1/2-1/2"]
[WhiteElo "2369"]
[BlackElo "2224"]
[PlyCount "45"]
[EventDate "2010.05.29"]

1. d4 Nf6 2. c4 c6 3. Nc3 d5 4. Nf3 e6 5. e3 Nbd7 6. Qc2 Bd6 7. g4 Bb4 8. Bd2
Qe7 9. g5 Bxc3 10. Bxc3 Ne4 11. Rg1 O-O 12. Bd3 Nxc3 13. Qxc3 dxc4 14. Bxc4 c5
15. O-O-O Nb6 16. Ne5 cxd4 17. Qxd4 Qc7 18. Kb1 Nxc4 19. Nxc4 e5 20. Nxe5 Bf5+
21. Ka1 Rac8 22. Qf4 Qc2 23. Nf3 1/2-1/2

[Event "II Festival A"]
[Site "Bisaccia ITA"]
[Date "2010.05.31"]
[Round "4"]
[White "Boni, Gianni"]
[Black "Colucci, Stefano"]
[Result "1-0"]
[WhiteElo "1856"]
[BlackElo "1994"]
[PlyCount "47"]
[EventDate "2010.05.29"]

1. b3 e5 2. Bb2 d6 3. e3 Nf6 4. d3 Be7 5. Nd2 O-O 6. Ngf3 c6 7. h3 Nbd7 8. g4
Re8 9. Ne4 Nxe4 10. dxe4 Nf6 11. Nd2 Qa5 12. Bg2 d5 13. exd5 Nxd5 14. O-O Bf6
15. Nc4 Qc7 16. Bxd5 cxd5 17. Qxd5 Rd8 18. Qe4 Re8 19. Rfd1 Bd7 20. Nd6 Bc6 21.
Nxe8 Rxe8 22. Qf5 Qe7 23. a4 g6 24. Qd3 1-0

[Event "II Festival A"]
[Site "Bisaccia ITA"]
[Date "2010.05.31"]
[Round "4"]
[White "Bove, Raffaele"]
[Black "Consalvo, Gerardo"]
[Result "1/2-1/2"]
[WhiteElo "1910"]
[BlackElo "2013"]
[PlyCount "115"]
[EventDate "2010.05.29"]

1. e4 c5 2. Nf3 a6 3. c3 g6 4. d4 Bg7 5. Be2 cxd4 6. cxd4 d5 7. e5 Nc6 8. O-O
Bf5 9. a3 e6 10. Nc3 f6 11. Bf4 fxe5 12. dxe5 Nge7 13. Na4 O-O 14. Nc5 b6 15.
Nb3 Be4 16. Ng5 Qc8 17. Nxe4 Rxf4 18. Nd6 Qd8 19. g3 Rf8 20. f4 Nxe5 21. fxe5
Bxe5 22. Rxf8+ Qxf8 23. Nc4 dxc4 24. Bxc4 Bxb2 25. Ra2 Bg7 26. Bxe6+ Kh8 27.
Rf2 Qd8 28. Qg4 Ng8 29. Kg2 Qd6 30. a4 Re8 31. Bxg8 Rxg8 32. Qc4 Re8 33. Rc2
Qe5 34. Kh3 b5 35. axb5 axb5 36. Qd3 Bf6 37. Rc5 Qe6+ 38. Kg2 Qe2+ 39. Qxe2
Rxe2+ 40. Kf3 Re5 41. Rc7 Rf5+ 42. Ke2 b4 43. Ke3 Bc3 44. Ke2 Rh5 45. h4 Re5+
46. Kf3 Rd5 47. Ke2 Rd8 48. Rb7 Ra8 49. Nc5 Ra2+ 50. Kf3 Ra3 51. Kg4 h5+ 52.
Kg5 Bd2+ 53. Kxg6 Rxg3+ 54. Kxh5 Re3 55. Kg6 Rg3+ 56. Kh5 Ra3 57. Kg6 Rg3+ 58.
Kh5 1/2-1/2

[Event "II Festival A"]
[Site "Bisaccia ITA"]
[Date "2010.05.31"]
[Round "4"]
[White "Caprio, Guido"]
[Black "Sellitti, Luca"]
[Result "1-0"]
[WhiteElo "2224"]
[BlackElo "1915"]
[PlyCount "81"]
[EventDate "2010.05.29"]

1. Nf3 Nf6 2. Nc3 Nc6 3. Nh4 Nh5 4. Na4 Na5 5. Nf5 Nf4 6. Nc5 Nc4 7. Ne3 Nd6 8.
Nd3 Ne6 9. Ne5 Nd4 10. Nd5 Ne4 11. Nf3 Nc6 12. Nc3 Nf6 13. e4 e5 14. Ng1 Ng8
15. Nb1 Nb8 16. Nf3 Nc6 17. Bb5 a6 18. Ba4 Nf6 19. O-O Be7 20. Re1 b5 21. Bb3
d6 22. c3 O-O 23. h3 Nb8 24. d4 Nbd7 25. Nbd2 c5 26. Nf1 Re8 27. Ng3 Bb7 28.
Ng5 c4 29. Bc2 g6 30. f4 exf4 31. Bxf4 Nh5 32. Nxf7 Kxf7 33. Nxh5 gxh5 34.
Qxh5+ Kg8 35. e5 Nf8 36. Bh6 Qd7 37. Bxh7+ Kxh7 38. Bxf8+ Kg8 39. Qg6+ Kxf8 40.
e6 Bh4 41. Rf1+ 1-0

[Event "II Festival A"]
[Site "Bisaccia ITA"]
[Date "2010.05.31"]
[Round "4"]
[White "Celli, Dario"]
[Black "Paduano, Gennaro"]
[Result "1-0"]
[WhiteElo "2104"]
[BlackElo "1946"]
[PlyCount "57"]
[EventDate "2010.05.29"]

1. d4 Nf6 2. c4 d6 3. Nc3 e5 4. Nf3 e4 5. Nd2 Bf5 6. Qb3 Qc8 7. e3 Nc6 8. Qc2
Nxd4 9. exd4 e3 10. Nde4 exf2+ 11. Kxf2 Bxe4 12. Nxe4 Qf5+ 13. Ke3 O-O-O 14.
Nxd6+ Bxd6 15. Qxf5+ Kb8 16. Bd3 h5 17. Kf3 Ng4 18. h3 g6 19. Qa5 f5 20. Bg5
Rde8 21. Rae1 Nh2+ 22. Rxh2 Rxe1 23. Qxe1 Bxh2 24. g3 f4 25. Bxf4 g5 26. Bxg5
Rf8+ 27. Kg2 Bxg3 28. Kxg3 Rg8 29. h4 1-0

[Event "II Festival A"]
[Site "Bisaccia ITA"]
[Date "2010.05.31"]
[Round "4"]
[White "Ciavarra, Luigi"]
[Black "Lamberti, Valerio"]
[Result "1-0"]
[WhiteElo "1960"]
[BlackElo "1813"]
[PlyCount "105"]
[EventDate "2010.05.29"]

1. d4 Nf6 2. c4 e6 3. Nf3 Bb4+ 4. Bd2 Qe7 5. a3 Bxd2+ 6. Nbxd2 d5 7. e3 O-O 8.
Bd3 Nbd7 9. Qc2 h6 10. O-O c5 11. Rfe1 b6 12. e4 dxe4 13. Bxe4 Nxe4 14. Nxe4
cxd4 15. Nxd4 Bb7 16. Rad1 Bxe4 17. Qxe4 Qf6 18. b4 Rfe8 19. Nb5 Qd8 20. Re3
Qe7 21. Qf4 e5 22. Qg3 Nf6 23. Rde1 a6 24. Nc3 Qc7 25. Na4 Qc6 26. Nb2 e4 27.
h3 Rad8 28. R3e2 Rd6 29. Rc1 Qd7 30. Qc3 Rd8 31. Kf1 Rc8 32. Qc2 Rdc6 33. Qc3
Qc7 34. Kg1 Qf4 35. Rce1 Rd6 36. Na4 Rd3 37. Qc2 Rc6 38. Qb1 Rxa3 39. b5 Rd6
40. g3 Qf3 41. c5 bxc5 42. bxa6 Rxa4 43. Qb8+ Kh7 44. Qxd6 Qa3 45. Qe7 Kg8 46.
Re3 Qa2 47. Qxc5 Rxa6 48. R3e2 Qa4 49. Rc1 Ra8 50. Rec2 Qa6 51. Qf5 Qa5 52.
Rc8+ Rxc8 53. Rxc8+ 1-0

[Event "II Festival A"]
[Site "Bisaccia ITA"]
[Date "2010.05.31"]
[Round "4"]
[White "Dragojlovic, Andjelko"]
[Black "Salvador, Roland"]
[Result "1/2-1/2"]
[WhiteElo "2403"]
[BlackElo "2485"]
[PlyCount "43"]
[EventDate "2010.05.29"]

1. e4 c5 2. Nf3 e6 3. d3 d5 4. Nbd2 Nc6 5. g3 Bd6 6. Bg2 Nge7 7. O-O O-O 8. Nh4
b5 9. f4 c4 10. Ndf3 dxe4 11. dxe4 Bc5+ 12. Kh1 Qxd1 13. Rxd1 Nb4 14. Ne1 Bb7
15. Bd2 a5 16. a4 bxa4 17. c3 Na6 18. Nc2 Rad8 19. Be3 Rd3 20. Re1 Bc6 21. Nf3
Rb8 22. Bc1 1/2-1/2

[Event "II Festival A"]
[Site "Bisaccia ITA"]
[Date "2010.05.31"]
[Round "4"]
[White "Forlano, Luigi"]
[Black "Passerotti, Pierluigi"]
[Result "1-0"]
[WhiteElo "2024"]
[BlackElo "2258"]
[PlyCount "123"]
[EventDate "2010.05.29"]

1. e4 c5 2. Nc3 Nc6 3. f4 e6 4. Nf3 d5 5. Bb5 Nge7 6. exd5 exd5 7. Qe2 Qd6 8.
O-O Bg4 9. Bxc6+ Qxc6 10. h3 Bxf3 11. Qxf3 d4 12. Qxc6+ Nxc6 13. Nb5 O-O-O 14.
d3 f5 15. a4 Be7 16. Kf2 Rhe8 17. Bd2 c4 18. Na3 cxd3 19. cxd3 Bb4 20. Rfd1
Bxd2 21. Rxd2 Re6 22. Re1 Rde8 23. Rde2 Kd7 24. Rxe6 Rxe6 25. Rxe6 Kxe6 26. Nc2
Kd5 27. Ke2 a5 28. Kd2 Kc5 29. Ke2 Nd8 30. g3 Ne6 31. Kd2 g6 32. Ke2 Nc7 33.
Kd2 Na6 34. Ke2 Kd5 35. Na3 Nc5 36. Nc4 Nxa4 37. Nxa5 b6 38. Nc4 b5 39. Na3 Kc5
40. b3 Kb4 41. Nc2+ Kxb3 42. Nxd4+ Kb4 43. g4 fxg4 44. hxg4 Nc3+ 45. Kd2 h5 46.
f5 gxf5 47. gxh5 Nd5 48. h6 Nf6 49. Nxf5 Ka3 50. Nd4 b4 51. Nc2+ Kb2 52. Ne3
Ka2 53. Nd1 Kb3 54. Ne3 Ka2 55. Nd5 Nh7 56. Nxb4+ Kb3 57. Nd5 Ka4 58. Kc3 Kb5
59. Kd4 Kc6 60. Ke5 Nf8 61. Nf4 Kd7 62. Kf6 1-0

[Event "II Festival A"]
[Site "Bisaccia ITA"]
[Date "2010.05.31"]
[Round "4"]
[White "Galasso, Luigi"]
[Black "Epishin, Vladimir V."]
[Result "0-1"]
[WhiteElo "2051"]
[BlackElo "2611"]
[PlyCount "35"]
[EventDate "2010.05.29"]

1. c4 e5 2. Nc3 Nc6 3. g3 Bc5 4. Bg2 d6 5. e3 a6 6. Nge2 Ba7 7. O-O Nge7 8. d3
h5 9. Nd5 h4 10. Nec3 Nxd5 11. Nxd5 Be6 12. Qe2 Qd7 13. Bd2 Kf8 14. Rac1 Rd8
15. b4 Bg4 16. f3 Be6 17. Nc3 hxg3 18. hxg3 0-1

[Event "II Festival A"]
[Site "Bisaccia ITA"]
[Date "2010.05.31"]
[Round "4"]
[White "Gromovs, Sergejs"]
[Black "Lattanzio, Savino"]
[Result "1-0"]
[WhiteElo "2319"]
[BlackElo "2025"]
[PlyCount "85"]
[EventDate "2010.05.29"]

1. d4 Nf6 2. Nf3 e6 3. c4 b6 4. g3 Ba6 5. Qc2 c5 6. Bg2 Nc6 7. dxc5 Bxc5 8. O-O
Rc8 9. a3 Nd4 10. Nxd4 Bxd4 11. Nd2 b5 12. e3 Bb6 13. b3 d5 14. Bb2 bxc4 15.
bxc4 Bxc4 16. Rfc1 O-O 17. Nf3 Ne4 18. Ne5 Nd6 19. a4 f6 20. Nd3 Bxd3 21. Qxd3
Rxc1+ 22. Bxc1 Rf7 23. h4 Nc4 24. e4 Ne5 25. Qb3 Ng4 26. exd5 Bxf2+ 27. Kh1 Rd7
28. Bf3 Rxd5 29. Bxg4 f5 30. Bg5 Qb6 31. Qxb6 axb6 32. Bf3 Rd3 33. Kg2 Bd4 34.
Rd1 Rxd1 35. Bxd1 h6 36. Bd2 Kf7 37. Kf3 Bf6 38. Bb3 g5 39. h5 Bd4 40. g4 Kf6
41. Bb4 Be5 42. Bf8 Bd4 43. Ke2 1-0

[Event "II Festival A"]
[Site "Bisaccia ITA"]
[Date "2010.05.31"]
[Round "4"]
[White "Laketic, Gojko"]
[Black "Piscopo, Pierluigi"]
[Result "1/2-1/2"]
[WhiteElo "2453"]
[BlackElo "2426"]
[PlyCount "39"]
[EventDate "2010.05.29"]

1. e4 c5 2. c3 e6 3. d4 d5 4. exd5 exd5 5. Nf3 Nc6 6. Be2 Bd6 7. O-O cxd4 8.
cxd4 Nf6 9. Bg5 O-O 10. Nc3 Be6 11. Re1 h6 12. Bh4 Be7 13. Ne5 Ne4 14. Nxc6
bxc6 15. Bxe7 Qxe7 16. Rc1 Nf6 17. b3 Qd6 18. h3 Rfe8 19. Bf1 Bd7 20. Qd2
1/2-1/2

[Event "II Festival A"]
[Site "Bisaccia ITA"]
[Date "2010.05.31"]
[Round "4"]
[White "Lazic, Miroljub"]
[Black "Kosic, Dragan"]
[Result "0-1"]
[WhiteElo "2494"]
[BlackElo "2501"]
[PlyCount "66"]
[EventDate "2010.05.29"]

1. e4 e6 2. d4 d5 3. e5 c5 4. Nf3 cxd4 5. Bd3 Nc6 6. O-O Nge7 7. Bf4 Ng6 8. Bg3
Qb6 9. h4 Qxb2 10. Nbd2 Be7 11. Nb3 Bd7 12. h5 Nf8 13. h6 g5 14. Nh2 Ng6 15.
Ng4 O-O-O 16. Qf3 Rhf8 17. Rfe1 Qa3 18. Nf6 Bxf6 19. exf6 Rg8 20. Bxg6 Rxg6 21.
Nxd4 Qxf3 22. Nxf3 Rxf6 23. Nxg5 Rg8 24. Nf3 Rxh6 25. Ne5 Nxe5 26. Rxe5 Rhg6
27. c4 dxc4 28. Rc5+ Bc6 29. Rxc4 h5 30. Rd1 Rg4 31. Rdd4 Rxd4 32. Rxd4 Rg4 33.
Rf4 f5 0-1

[Event "II Festival A"]
[Site "Bisaccia ITA"]
[Date "2010.05.31"]
[Round "4"]
[White "Lombardo, Michele"]
[Black "Cardone, Andrea"]
[Result "0-1"]
[WhiteElo "2028"]
[BlackElo "1503"]
[PlyCount "56"]
[EventDate "2010.05.29"]

1. e4 c5 2. Nc3 Nc6 3. g3 d6 4. Bg2 Nf6 5. d3 g6 6. Be3 Bg7 7. h3 O-O 8. Qd2
Rb8 9. Nge2 e5 10. g4 Nd4 11. Ng3 Be6 12. O-O Bxg4 13. hxg4 Nxg4 14. Rfe1 Nxe3
15. fxe3 Bh6 16. Qf2 Ne6 17. Rf1 Nc7 18. Rae1 Bg5 19. Bh1 Bh4 20. Qg2 Kh8 21.
Rf3 Qg5 22. Ref1 f5 23. exf5 gxf5 24. Nxf5 Rxf5 25. Rxf5 Qxe3+ 26. Kh2 Rg8 27.
Rf8 Bg3+ 28. Kh3 Qh6# 0-1

[Event "II Festival A"]
[Site "Bisaccia ITA"]
[Date "2010.05.31"]
[Round "4"]
[White "Martorelli, Antonio"]
[Black "Franciosi, Fausto"]
[Result "1-0"]
[WhiteElo "2259"]
[BlackElo "1967"]
[PlyCount "87"]
[EventDate "2010.05.29"]

1. d4 Nf6 2. c4 g6 3. Nc3 Bg7 4. e4 d6 5. Be2 O-O 6. Bg5 h6 7. Bf4 c5 8. d5 e6
9. dxe6 Bxe6 10. Bxd6 Re8 11. Nf3 Nc6 12. O-O Nd4 13. e5 Nd7 14. Nxd4 cxd4 15.
Nb5 Nxe5 16. c5 Nc4 17. Nc7 Nxd6 18. cxd6 Qxd6 19. Nxa8 Rxa8 20. Bd3 Qb4 21.
Qe2 Re8 22. a3 Qb3 23. Rfe1 Bd7 24. Qc2 Qxc2 25. Rxe8+ Bxe8 26. Bxc2 Bb5 27.
Rd1 Kf8 28. Be4 b6 29. Bd3 Bxd3 30. Rxd3 Ke7 31. Kf1 a5 32. Ke2 Kd6 33. Rb3 Kc5
34. a4 Bf8 35. Kd3 f6 36. f4 Bd6 37. g3 g5 38. Rb5+ Kc6 39. Rf5 gxf4 40. gxf4
Be7 41. Kxd4 Kd6 42. Rh5 Bf8 43. Rd5+ Kc6 44. f5 1-0

[Event "II Festival A"]
[Site "Bisaccia ITA"]
[Date "2010.05.31"]
[Round "4"]
[White "Naumkin, Igor"]
[Black "Bianco, Raffaele"]
[Result "1-0"]
[WhiteElo "2480"]
[BlackElo "2066"]
[PlyCount "53"]
[EventDate "2010.05.29"]

1. d4 Nf6 2. c4 g6 3. Nc3 Bg7 4. e4 d6 5. Nf3 O-O 6. Be2 e5 7. O-O Nc6 8. d5
Ne7 9. b4 a5 10. bxa5 Rxa5 11. a4 Nh5 12. Ba3 b6 13. Bb4 Ra8 14. a5 bxa5 15.
Rxa5 Rxa5 16. Bxa5 Bd7 17. c5 dxc5 18. d6 Nc8 19. Bxc7 Qe8 20. Nd2 Nf4 21. Nb3
Ne6 22. Qd2 Bf6 23. Nd5 Bg5 24. Qxg5 Nxg5 25. Nf6+ Kh8 26. Nxe8 Nxe4 27. Bf3
1-0

[Event "II Festival A"]
[Site "Bisaccia ITA"]
[Date "2010.05.31"]
[Round "4"]
[White "Parrella, Alfredo"]
[Black "Fiore, Mario"]
[Result "0-1"]
[WhiteElo "2046"]
[BlackElo "2223"]
[PlyCount "104"]
[EventDate "2010.05.29"]

1. d4 d5 2. c4 Nc6 3. Nf3 e5 4. dxe5 Bb4+ 5. Bd2 dxc4 6. e3 Be6 7. Qc2 Qd5 8.
Nc3 Qc5 9. a3 Ba5 10. Ne4 Bxd2+ 11. Nfxd2 Qa5 12. Bxc4 Bxc4 13. Qxc4 Nxe5 14.
Qe2 O-O-O 15. O-O f5 16. Nc3 Nd3 17. Nb3 Qa6 18. Rad1 Ne7 19. Nd4 Nc5 20. Qxa6
Nxa6 21. Ne6 Rxd1 22. Rxd1 g6 23. Nb5 Nc6 24. Kf1 Re8 25. Ned4 Nab8 26. Nf3 Nd7
27. g3 Nde5 28. Nxe5 Rxe5 29. Nc3 Na5 30. b4 Nc4 31. a4 a5 32. bxa5 Rxa5 33.
Ke2 Rc5 34. Rd5 Rxd5 35. Nxd5 Nb2 36. Nc3 Kd7 37. Kd2 Nc4+ 38. Kc2 Ke6 39. Kb3
Nd2+ 40. Kb4 b6 41. h4 Ne4 42. Nxe4 fxe4 43. Kc4 c5 44. Kb5 Kd6 45. Kxb6 c4 46.
a5 c3 47. a6 c2 48. a7 c1=Q 49. a8=Q Qb2+ 50. Ka6 Qa3+ 51. Kb7 Qb3+ 52. Kc8
Qc4+ 0-1

[Event "II Festival A"]
[Site "Bisaccia ITA"]
[Date "2010.05.31"]
[Round "4"]
[White "Quimi, Marco"]
[Black "Vespe, Francesco"]
[Result "1-0"]
[WhiteElo "2163"]
[BlackElo "1979"]
[PlyCount "57"]
[EventDate "2010.05.29"]

1. e4 e6 2. d4 d5 3. e5 c5 4. c3 Nc6 5. Nf3 Qc7 6. a3 c4 7. Be2 f6 8. exf6 Nxf6
9. O-O Bd6 10. Nbd2 O-O 11. Re1 e5 12. dxe5 Nxe5 13. Nf1 Nc6 14. Bg5 Ne7 15.
Ne3 Be6 16. Bf1 Rad8 17. Qe2 Bc8 18. h3 Bc5 19. Rad1 Kh8 20. Nd4 a6 21. g3 Bd6
22. Bg2 b5 23. Ng4 Neg8 24. Nxf6 Nxf6 25. Bxf6 Rxf6 26. Bxd5 Bxh3 27. Qh5 Bd7
28. Nf3 Bxg3 29. Be4 1-0

[Event "II Festival A"]
[Site "Bisaccia ITA"]
[Date "2010.05.31"]
[Round "4"]
[White "Rossetti, Giovanni"]
[Black "Minikh, Edouard"]
[Result "0-1"]
[WhiteElo "1903"]
[BlackElo "2041"]
[PlyCount "70"]
[EventDate "2010.05.29"]

1. e4 d6 2. d4 Nf6 3. Nc3 g6 4. Nge2 Bg7 5. f3 O-O 6. Be3 c6 7. Qd2 Re8 8.
O-O-O Nbd7 9. g4 e5 10. h4 d5 11. Ng3 dxe4 12. dxe5 Nd5 13. Nxd5 cxd5 14. f4
Nb6 15. Be2 Qc7 16. Kb1 Nc4 17. Bxc4 dxc4 18. Nxe4 Bxg4 19. Rdf1 Rad8 20. Nd6
Qc6 21. Qc1 Re7 22. Rhg1 h5 23. c3 Re6 24. Rxg4 hxg4 25. Bd4 Rdxd6 26. exd6
Bxd4 27. cxd4 Rxd6 28. Qc3 Qe4+ 29. Kc1 Qxd4 30. Qxd4 Rxd4 31. f5 Kg7 32. f6+
Kh6 33. Re1 g3 34. Kc2 Rf4 35. Re8 Rxf6 0-1

[Event "II Festival A"]
[Site "Bisaccia ITA"]
[Date "2010.05.31"]
[Round "4"]
[White "Scipioni, Gaetano"]
[Black "Grasso, Nino"]
[Result "1/2-1/2"]
[WhiteElo "2048"]
[BlackElo "1942"]
[PlyCount "64"]
[EventDate "2010.05.29"]

1. d4 Nf6 2. Nf3 c5 3. c3 e6 4. Bf4 d5 5. e3 Bd6 6. Bg3 Ne4 7. Bd3 f5 8. Ne5
O-O 9. Nd2 Nc6 10. Ndf3 Nxg3 11. hxg3 Qf6 12. Nxc6 bxc6 13. g4 cxd4 14. Nxd4 e5
15. Nxf5 Bxf5 16. gxf5 e4 17. Bc2 Qxf5 18. Qe2 Rab8 19. Bb3 Rf7 20. Rf1 Qg5 21.
g3 Rf3 22. O-O-O Rbf8 23. Ba4 Bxg3 24. fxg3 Rxf1 25. Rxf1 Rxf1+ 26. Qxf1 Qxe3+
27. Kb1 Qb6 28. Kc1 Qe3+ 29. Kb1 Qb6 30. Kc1 Qe3+ 31. Kb1 Qb6 32. Kc1 Qe3+
1/2-1/2